[Event "World University Women"]
[Site "Katowice POL"]
[Date "2014.08.24"]
[Round "9.8"]
[White "Eric, Jovana"]
[Black "Mareckova, Martina"]
[Result "0-1"]
[WhiteTitle "WIM"]
[BlackTitle "WFM"]
[WhiteElo "2201"]
[BlackElo "2107"]
[WhiteFideId "938238"]
[BlackFideId "327930"]
[EventDate "2014.08.18"]

1. e4 e5 2. Nc3 Nf6 3. g3 d5 4. exd5 Nxd5 5. Bg2 Nxc3 6. bxc3 Bd6 7. d3 c5 8.
Nf3 O-O 9. O-O Nc6 10. Be3 Bg4 11. h3 Bh5 12. g4 Bg6 13. Ng5 Rc8 14. Ne4 b6 15.
g5 Ne7 16. Qg4 Bf5 17. Qg3 Nd5 18. Qh4 Be7 19. Bd2 Nf4 20. Bxf4 exf4 21. Qxf4
Bxe4 22. Qxe4 Bxg5 23. Kh1 Bf6 24. Qc4 Qd7 25. a4 Rfe8 26. Rad1 Qe6 27. Qa6 Qd7
28. Qc4 Qe6 29. Qxe6 Rxe6 30. Be4 Rd8 31. c4 Bd4 32. f4 Rf6 33. Kg2 g6 34. Kg3
Kg7 35. Rde1 Bc3 36. Re2 Re8 37. Rff2 Rfe6 38. f5 Re5 39. f6+ Kf8 40. Rf3 R5e6
41. Kg4 Rxf6 42. Rxf6 Bxf6 43. Rf2 Bd4 44. Rf1 Kg7 45. Bd5 f5+ 46. Kf4 Re2 47.
Kg3 Be5+ 48. Kf3 Rh2 49. Re1 Kf6 50. Rb1 Rxh3+ 51. Kg2 Rh2+ 52. Kf3 g5 53. c3
g4+ 0-1

[Event "World University Women"]
[Site "Katowice POL"]
[Date "2014.08.24"]
[Round "9.9"]
[White "Rothebarth, Ana Vitoria de Paula"]
[Black "Enkhtuul, Altan-Ulzii"]
[Result "1-0"]
[BlackTitle "WIM"]
[WhiteElo "2042"]
[BlackElo "2300"]
[WhiteFideId "2113961"]
[BlackFideId "4901444"]
[EventDate "2014.08.18"]

1. e4 d5 2. exd5 Qxd5 3. Nc3 Qd8 4. d4 Nf6 5. Nf3 Bg4 6. h3 Bxf3 7. Qxf3 c6 8.
Be3 e6 9. Bc4 Qc7 10. O-O Nbd7 11. a4 Bd6 12. Ne4 Nxe4 13. Qxe4 Nf6 14. Qf3 Nd5
15. c3 a5 16. Rfe1 O-O 17. Bd2 Rae8 18. Rad1 Bf4 19. Bxf4 Nxf4 20. Re4 Nd5 21.
Rde1 Qd7 22. Re5 b6 23. Qe4 Nf6 24. Qe2 h6 25. f4 g6 26. g4 Kg7 27. Kh2 Qd6 28.
Kg2 Nd7 29. Re4 Nf6 30. Re5 Qd7 31. Qf3 Qd8 32. Qxc6 h5 33. g5 Nd7 34. R5e3 Nb8
35. Qf3 Qc8 36. Bb5 Rd8 37. Qe4 Rd5 38. Qf3 Rfd8 39. Re5 Nc6 40. Rxd5 Rxd5 41.
Bxc6 Qxc6 42. b3 Qc7 43. Re5 Rd8 44. Kf2 Qd6 45. Qe4 Qa3 46. Qc2 Rc8 47. c4 Qa1
48. Qd2 Rd8 49. d5 Qh1 50. Kg3 h4+ 51. Kf2 Qh2+ 52. Ke1 Qg3+ 53. Ke2 Qxb3 54.
Qd3 Qxa4 55. Qc3 Kh7 56. dxe6 Qa2+ 57. Kf3 Rd1 58. Re2 Rf1+ 59. Ke3 Qb1 60. e7
Rh1 61. e8=Q Rxh3+ 62. Kd2 Qa2+ 63. Qc2 Qa1 64. Qxf7+ 1-0

[Event "World University Women"]
[Site "Katowice POL"]
[Date "2014.08.24"]
[Round "9.10"]
[White "Orehek, Spela"]
[Black "Shibata, Misaki"]
[Result "1-0"]
[WhiteElo "2035"]
[BlackElo "1592"]
[WhiteFideId "14605872"]
[BlackFideId "7001134"]
[EventDate "2014.08.18"]

1. e4 e6 2. d4 d5 3. Nc3 Nf6 4. e5 Nfd7 5. f4 a6 6. Be3 c5 7. Nf3 Nc6 8. Qd2 Qc7
9. Be2 Be7 10. O-O O-O 11. Nd1 cxd4 12. Nxd4 Nxd4 13. Bxd4 f6 14. exf6 Nxf6 15.
Bf3 Bd6 16. g3 Bd7 17. Re1 Rae8 18. Ne3 Bc6 19. Rad1 Kh8 20. c4 Qf7 21. Qg2 Rc8
22. Bxf6 Qxf6 23. cxd5 exd5 24. Bxd5 Bc5 25. Bxc6 Rxc6 26. Kh1 Bxe3 27. Rxe3
Rfc8 28. Qe2 h6 29. Re8+ Rxe8 30. Qxe8+ Kh7 31. Qd7 Qe6 32. Qd3+ Kg8 33. b3 b5
34. Kg1 Rc8 35. Kf2 Qb6+ 36. Kg2 Qc6+ 37. Kh3 Qf6 38. Qd5+ Kh8 39. Rd2 Qc3 40.
Re2 Rf8 41. Kg4 Qf6 42. Re6 Qf7 43. Qe4 Qd7 44. f5 Qd1+ 45. Qe2 Qd4+ 46. Qe4
Qd1+ 47. Kh4 Qd2 48. Kh3 Qxa2 49. f6 Qa1 50. fxg7+ Qxg7 51. Rg6 Qd7+ 52. g4 Qf7
53. Rxh6+ Kg8 54. Rg6+ 1-0